International Seminar on Commercial Arbitration, 18th and 19th March 1968. (Record no. 86585)

MARC details
000 -LEADER
fixed length control field 00752nam a2200241 4500
001 - CONTROL NUMBER
control field sa 68015648
003 - CONTROL NUMBER IDENTIFIER
control field DLC
005 - DATE AND TIME OF LATEST TRANSACTION
control field 20260227112645.0
008 - FIXED-LENGTH DATA ELEMENTS--GENERAL INFORMATION
fixed length control field 700507s1968 ii 100 0 eng
010 ## - LIBRARY OF CONGRESS CONTROL NUMBER
LC control number sa 68015648
025 ## - OVERSEAS ACQUISITION NUMBER
Overseas acquisition number PL480:I-E-10719
040 ## - CATALOGING SOURCE
Original cataloging agency DLC
Transcribing agency DLC
Modifying agency DLC
050 00 - LIBRARY OF CONGRESS CALL NUMBER
Classification number LAW
082 00 - DEWEY DECIMAL CLASSIFICATION NUMBER
Classification number 341.5/7
111 2# - MAIN ENTRY--MEETING NAME
Meeting name or jurisdiction name as entry element International Seminar on Commercial Arbitration,
Location of meeting Delhi,
Date of meeting or treaty signing 1968.
245 00 - TITLE STATEMENT
Title International Seminar on Commercial Arbitration, 18th and 19th March 1968.
260 ## - PUBLICATION, DISTRIBUTION, ETC.
Place of publication, distribution, etc. New Delhi,
Name of publisher, distributor, etc. Indian Council of Arbitration
Date of publication, distribution, etc. [1968]
300 ## - PHYSICAL DESCRIPTION
Extent 374 p.
Dimensions 24 cm.
350 ## - PRICE (NR) (BK AM CF MU VM SE) [OBSOLETE]
Price 20.00
500 ## - GENERAL NOTE
General note Convened by the Indian Council of Arbitration.
650 #0 - SUBJECT ADDED ENTRY--TOPICAL TERM
Topical term or geographic name entry element Arbitration and award.
710 2# - ADDED ENTRY--CORPORATE NAME
Corporate name or jurisdiction name as entry element Indian Council of Arbitration.

No items available.

Powered by Koha